[Event "Bistro Stella Rapid 2018"]
[Site "Limhamm"]
[Date "2018.12.01"]
[Round "7"]
[White "Brynell, Stellan"]
[Black "Tikkanen, Hans"]
[Result "1/2-1/2"]
[WhiteElo "2409"]
[BlackElo "2519"]
[Annotator "TA"]
[PlyCount "92"]
[EventDate "2018.12.01"]
[EventType "swiss"]
[EventCountry "SWE"]
[SourceTitle "playchess.com"]
[Source "ChessBase"]
[SourceQuality "1"]

{[%evp 27,92,30,34,14,14,13,18,20,22,18,28,33,27,14,10,0,29,0,0,-14,-9,-9,-9,-8,-17,-26,-26,-26,-26,-26,-26,-36,-29,-29,-29,-36,-36,-36,-36,-80,-26,-26,-26,-52,-19,-19,-25,-27,-27,-41,-18,-18,-18,-18,-18,-18,-18,-18,-18,-18,-18,-18,0,-18,0,0,0]} 1. e4 c6 2. d4 d5 3. exd5 cxd5 4. c4 Nf6 5. Nc3 Nc6 6. Nf3 g6 7. cxd5 Nxd5 8. Qb3 Nxc3 9. Bc4 Nd5 10. Bxd5 e6 11. Bxc6+ bxc6 12. O-O Qd5 {A35: Symmetrical English: 2 Nc3 Nc6 3 Nf3} 13. Be3 f6 14. Rfc1 Bd6 {[#] LiveBook: 14 Games. White has an edge.} 15. Rc2 $146 ({Predecessor:} 15. Nd2 Kf7 16. Qc2 Bd7 17. Ne4 Rhb8 18. f3 Be7 19. Qf2 Kg7 20. b3 {1-0 (67) Nepomniachtchi,I (2714)-Vidit,S (2625) Moscow 2015}) 15... Qxb3 16. axb3 Bd7 17. Nd2 Ke7 18. Ne4 g5 19. Nxd6 Kxd6 20. Kf1 Rhb8 21. Rc3 a5 {[%cal Ba7a5,Ba5a4][%mdl 32]} 22. Ke2 Rb5 23. Kd3 Rab8 24. Ra3 Be8 25. f3 Bg6+ 26. Kd2 a4 27. Bf2 Rxb3 28. Rcxb3 Rxb3 $11 {[%mdl 4096] Endgame KRB-KRB} 29. Bg3+ Kd5 30. Rxb3 axb3 {KB-KB} 31. Kc3 f5 32. Bc7 g4 33. Bd8 Bh5 (33... gxf3 $17 34. gxf3 Bh5) 34. fxg4 Bxg4 35. Bf6 Bd1 36. Kd2 Bc2 37. Ke3 Be4 38. g3 h5 39. h4 {The position is equal.} c5 40. dxc5 Kxc5 41. Kf4 Kd5 42. Bc3 Bc2 43. Bf6 Bd1 44. Bc3 Kc4 45. Bf6 Kd3 46. Be5 Bg4 {Accuracy: White = 62%, Black = 54%.} 1/2-1/2